| 000 -LEADER |
| fixed length control field |
00508nam a2200205Ia 4500 |
| 001 - CONTROL NUMBER |
| control field |
14406 |
| 003 - CONTROL NUMBER IDENTIFIER |
| control field |
GE_BSU |
| 005 - DATE AND TIME OF LATEST TRANSACTION |
| control field |
20221124102327.0 |
| 008 - FIXED-LENGTH DATA ELEMENTS--GENERAL INFORMATION |
| fixed length control field |
181216s2006||||enk|||||||||||||| ||eng|| |
| 020 ## - INTERNATIONAL STANDARD BOOK NUMBER |
| International Standard Book Number |
9780263881011x |
| 040 ## - CATALOGING SOURCE |
| Transcribing agency |
GE_BSU |
| 041 ## - LANGUAGE CODE |
| Language code of text/sound track or separate title |
eng |
| 080 ## - UNIVERSAL DECIMAL CLASSIFICATION NUMBER |
| Universal Decimal Classification number |
821.111-31 C-87 |
| 100 ## - MAIN ENTRY--PERSONAL NAME |
| Personal name |
Craven, Sara |
| 9 (RLIN) |
16010 |
| 245 ## - TITLE STATEMENT |
| Title |
His Independent Bride |
| Statement of responsibility, etc. |
Sara Craven. |
| 264 ## - PRODUCTION, PUBLICATION, DISTRIBUTION, MANUFACTURE, AND COPYRIGHT NOTICE |
| Place of production, publication, distribution, manufacture |
London: |
| Name of producer, publisher, distributor, manufacturer |
Mills & Boon, |
| Date of production, publication, distribution, manufacture, or copyright notice |
2006. |
| 300 ## - PHYSICAL DESCRIPTION |
| Extent |
186 p.; |
| Other physical details |
17 cm. |
| 653 ## - INDEX TERM--UNCONTROLLED |
| keyword |
His Independent Bride |
| 942 ## - ADDED ENTRY ELEMENTS (KOHA) |
| Koha item type |
წიგნი |
| Source of classification or shelving scheme |
|